Introduction to functional analysis : Banach spaces and differential calculus /

Guardado en:
Autor Principal: Nachbin, Leopoldo.
Formato: Libro
Idioma:English
Portuguese
Publicado: New York : M. Dekker, c1981.
Series:Monographs and textbooks in pure and applied mathematics ; 60
Materias:
Etiquetas: Agregar Etiqueta
Sin Etiquetas, Sea el primero en etiquetar este registro!
LEADER 01118cam a2200277 a 4500
001 MAT.inmabb004955
008 800926s1981####nyu######b####001#0#eng##
005 20130409165337.0
245 1 0 |a Introduction to functional analysis :  |b Banach spaces and differential calculus /  |c Leopoldo Nachbin ; translated from the Portuguese by Richard M. Aron. 
260 |a New York :  |b M. Dekker,  |c c1981. 
300 |a ix, 166 p. ;  |c 24 cm. 
440 0 |a Monographs and textbooks in pure and applied mathematics ;  |v 60 
500 |a Traducción de: Introdução à análise funcional: espaços de Banach e cálculo diferencial. c1976. 
504 |a Bibliografía: p. 163-164. 
510 4 |a MR,  |c 82f:58002 
020 |a 0824769848 
100 1 |a Nachbin, Leopoldo. 
240 1 0 |a Introdução à análise funcional: espaços de Banach e cálculo diferencial.  |l Inglés 
650 0 |a Functional analysis. 
650 0 |a Banach spaces. 
650 0 |a Differential calculus. 
084 |a 58-01 (26E15 46-01 58C20)  |2 msc2000 
010 |a  80024382  
040 |a DLC  |c DLC  |d DLC 
041 1 |a eng  |h por 
859 |h 58  |i N119  |p A-6211  |b BIB. MATEMATICA